SNES horror games - Statistics

General Stats
  • This quiz has been taken 11 times
  • The average score is 3 of 6
Answer Stats
Year Type Game % Correct
1995 point-and-Click Clock Tower
67%
1991 Run-and-gun Super Ghouls 'n Ghosts
67%
1993 Run-and-gun Zombies ate My Neighbors
56%
1994 Run-and-gun Ghoul Patrol
44%
1991 Platformer Super Castlevania IV
33%
1995 Platformer Castlevania: Dracula X
22%
No matching quizzes found
Score Distribution
Percent of People with Each Score
Percentile by Number Answered
Your Score History
You have not taken this quiz